<?xml version="1.0" encoding="UTF-8"?><?xml-stylesheet type="text/xsl" href="static/style.xsl"?><OAI-PMH xmlns="http://www.openarchives.org/OAI/2.0/" xmlns:xsi="http://www.w3.org/2001/XMLSchema-instance" xsi:schemaLocation="http://www.openarchives.org/OAI/2.0/ http://www.openarchives.org/OAI/2.0/OAI-PMH.xsd"><responseDate>2026-06-01T13:33:25Z</responseDate><request verb="GetRecord" identifier="oai:riuma.uma.es:10630/45307" metadataPrefix="marc">https://riuma.uma.es/rest/oai/request</request><GetRecord><record><header><identifier>oai:riuma.uma.es:10630/45307</identifier><datestamp>2026-02-11T00:47:06Z</datestamp><setSpec>com_10630_2254</setSpec><setSpec>col_10630_37953</setSpec></header><metadata><record xmlns="http://www.loc.gov/MARC21/slim" xmlns:dcterms="http://purl.org/dc/terms/" xmlns:doc="http://www.lyncode.com/xoai" xmlns:xsi="http://www.w3.org/2001/XMLSchema-instance" xsi:schemaLocation="http://www.loc.gov/MARC21/slim http://www.loc.gov/standards/marcxml/schema/MARC21slim.xsd">
   <leader>00925njm 22002777a 4500</leader>
   <datafield ind2=" " ind1=" " tag="042">
      <subfield code="a">dc</subfield>
   </datafield>
   <datafield ind2=" " ind1=" " tag="720">
      <subfield code="a">Mora Suárez-Varela, Vicente Luis</subfield>
      <subfield code="e">author</subfield>
   </datafield>
   <datafield ind2=" " ind1=" " tag="260">
      <subfield code="c">2026</subfield>
   </datafield>
   <datafield ind2=" " ind1=" " tag="520">
      <subfield code="a">En la España de las últimas décadas, el creciente influjo de la comunicación audiovisual, por un lado, y el éxito de audiencia, visitas y visibilidad que ha registrado el arte contemporáneo expuesto en museos públicos y en galerías privadas, en buena parte como consecuencia de una inyección de capital tanto público como privado, han generado en la narrativa contemporánea española un campo de experimentación, que por lo común adquiere unos tintes inequívocamente críticos y refractarios, con pocas excepciones. El objetivo de esta investigación es realizar un recorrido por algunas novelas actuales escritas en español representativas de esta búsqueda, distinguiendo los distintos tipos de influjo del arte contemporáneo y la crítica respecto al mismo, así como esclarecer si los recursos de experimentación artística dejan algún tipo de rastro retórico o un correlato creativo en los textos literarios.</subfield>
   </datafield>
   <datafield ind1="8" ind2=" " tag="024">
      <subfield code="a">Mora, Vicente Luis (2026). “La crítica del arte conceptual en la narrativa contemporánea escrita en español: ecos y embelecos del conceptualismo”, Bulletin of Hispanic Studies, 103(2), pp. 127-142. https://doi.org/10.3828/bhs.2026.5</subfield>
   </datafield>
   <datafield ind1="8" ind2=" " tag="024">
      <subfield code="a">https://hdl.handle.net/10630/45307</subfield>
   </datafield>
   <datafield ind1="8" ind2=" " tag="024">
      <subfield code="a">10.3828/bhs.2026.5</subfield>
   </datafield>
   <datafield tag="653" ind2=" " ind1=" ">
      <subfield code="a">Arte en la literatura</subfield>
   </datafield>
   <datafield ind2="0" ind1="0" tag="245">
      <subfield code="a">La crítica del arte conceptual en la narrativa contemporánea escrita en español: ecos y embelecos del conceptualismo.</subfield>
   </datafield>
</record>
</metadata></record></GetRecord></OAI-PMH>